000 01069nam a22001937a 4500
003 JO-AjAnu
005 20250323111427.0
008 250318b jo ||||| |||| 00| 0 ara d
040 _cJO-AjAnu
041 _hENG
100 _aAlshraiedeh, Jana Hatem Shafiq
_ePrepared
_966541
245 _a The Impact of knowledge management on the Efficient Utilization of Artificial Intelligence at Jordanian Telecommunications sector = اثر ادارة المعرفة على الاستخدام الفعال للذكاء الاصظناعي في قطاع الاتصالات الاردنية
_c / by Jana Hatem Shafiq AL Shraiedeh ; Supervised Nidal Fawwaz Hussien ALqudah
260 _c2025
300 _a117 pages
500 _aUniversity Thesis (Master's Thesis College of Business Department / Ajloun National University (Jordan-Ajloun), College of Business, College of Business Department, 2025
650 _vادارة المعرفة-قطاع الاتصالات الأردنية
700 _aAlqudah, Nidal Fawwaz Hussien
_eSupervisor
_966542
942 _2lcc
_cTHS
_n0
999 _c33915
_d33915